Loading...
| Fine Arts - Auditory | 1 | 1 | 0 | 0 | 25 | 58 | 76.50 | 1 | 2 | 0.00 | 0.00 |
| Science - Other | 0 | 2 | 0 | 1 | 20 | 89 | 106.50 | 0 | 1 | 0.00 | 0.00 |
| Science - Physics | 0 | 2 | 0 | 0 | 20 | 71 | 82.00 | 1 | 2 | 0.00 | 0.00 |
| Current Events | 1 | 0 | 0 | 0 | 15 | 58 | 58.00 | 1 | 1 | 0.00 | 0.00 |
| History - Other | 1 | 0 | 0 | 0 | 15 | 64 | 64.00 | 1 | 1 | 0.00 | 0.00 |
| Philosophy | 1 | 0 | 0 | 0 | 15 | 61 | 61.00 | 0 | 1 | 0.00 | 0.00 |
| History - World | 0 | 1 | 0 | 0 | 10 | 112 | 112.00 | 0 | 1 | 0.00 | 0.00 |
| Literature - British | 0 | 1 | 0 | 0 | 10 | 81 | 81.00 | 1 | 1 | 0.00 | 0.00 |
| Literature - European | 0 | 1 | 0 | 0 | 10 | 79 | 79.00 | 1 | 1 | 0.00 | 0.00 |
| History - European | 0 | 1 | 0 | 0 | 10 | 85 | 85.00 | 0 | 1 | 0.00 | 0.00 |
| Fine Arts - Visual | 0 | 1 | 0 | 0 | 10 | 109 | 109.00 | 0 | 1 | 0.00 | 0.00 |
| Fine Arts - Other | 0 | 0 | 1 | 0 | -5 | 0.00 | 0 | 0 | 0.00 | 0.00 |